000 01265nam a2200337 a 4500
001 000114816
003 CHAP
005 20220329144459.0
008 180419s2018 mx sm |||||||spa d
010 _a111277
011 _a112249
040 _cCHAP
090 _aTesis
100 1 _aMejía Lara, Cinthia
_9135184
245 1 0 _aEstudio fitoquímico, actividad antioxidante y antibacteriana de Pilotrichella flexilis (Hedw.) Angstr
_h[En línea]
_cpor Cinthia Mejía Lara.
260 _aChapingo, Méx. :
_bEl autor,
_c2018.
500 _aPara ver el contenido del material haga clic en la liga
502 _aTesis (M.C. en Ciencias Forestales) -- UACH. División de Ciencias Forestales
590 _aBATCH-UPD
_b05
_c20180419
_lUCH01
_h1048
590 _aE6339RRR
_b05
_c20180419
_lUCH01
_h1048
590 _aE6339RRR
_b05
_c20180419
_lUCH01
_h1048
590 _aE6339RRR
_b05
_c20180419
_lUCH01
_h1049
650 1 4 _aAntioxidantes
_96070
650 1 4 _aExtractos vegetales
_xEfecto en bacterias.
_9132309
650 1 4 _aPilotrichella flexilis
_xAprovechamiento.
_9135185
650 1 4 _aPilotrichella flexilis
_xPropiedades.
_9135186
856 _aFinding aid
_uhttp://10.13.5.2/tesis/sist114816.pdf
_zTeclea aquí
901 _aBK
942 _cLIBRO
942 _n0
999 _c111277
_d111277